|
|
|
|
| LEADER |
00000nab a2200000 a 4500 |
| 001 |
vtls000999753 |
| 003 |
SK-MaSNL |
| 005 |
20260305033750.0 |
| 008 |
040720e19950503xo 0 slo |
| 035 |
|
|
|a RV354
|
| 040 |
|
|
|a RVGKPD
|b slo
|c RVGKPD
|e AACR2
|
| 041 |
0 |
|
|a slo
|
| 044 |
|
|
|a xo
|c SK
|
| 080 |
|
|
|a 943.76
|2 1981
|
| 100 |
1 |
|
|a Grenda, Ján,
|d 1935-2006
|4 aut
|9 113726
|
| 245 |
1 |
0 |
|a História a súčasnosť
|b K 50. výročiu oslobodenia okresu
|
| 650 |
0 |
7 |
|a dejiny
|2 RVGKPD
|9 3825
|
| 650 |
0 |
7 |
|a oslobodenie
|2 RVGKPD
|9 335648
|
| 650 |
0 |
7 |
|a výročie 50.
|2 RVGKPD
|9 878157
|
| 651 |
|
7 |
|a Rožňava (Slovensko : okres)
|2 RVGKPD
|9 19215
|
| 655 |
|
7 |
|a periodikum
|2 snkbucl
|9 29553
|
| 773 |
0 |
8 |
|t Zora Gemera
|g Roč. 44, č.18, 3.5.1995, s. 1, 2
|
| 852 |
|
|
|a ZVYKNI
|b KIS3GCP
|
| 999 |
|
|
|c 3325748
|d 3327678
|